Century of struggle: the woman's rights movement in the United States
Saved in:
| Main Author: | |
|---|---|
| Format: | Book |
| Language: | English |
| Published: |
Cambridge
The Belknap Press of Harvard University
1975
|
| Edition: | 2a. ed |
| Subjects: | |
| Tags: |
Add Tag
No Tags, Be the first to tag this record!
|
MARC
| LEADER | 00000nam a2200000 a 4500 | ||
|---|---|---|---|
| 001 | UCT7161 | ||
| 003 | CL-VaPUC | ||
| 008 | 970116e19750000US |||||||||||||||||eng|d | ||
| 082 | 0 | 4 | |a 324.623 |b FLE |2 21 |
| 100 | 0 | |a Flexner, Eleanor |e author |9 377938 | |
| 245 | 1 | 0 | |a Century of struggle: the woman's rights movement in the United States |
| 250 | |a 2a. ed | ||
| 300 | |a 405 p | ||
| 942 | |c BK | ||
| 945 | |d 19970116 00:00:00 |a paguirre | ||
| 260 | |a Cambridge |b The Belknap Press of Harvard University |c 1975 | ||
| 650 | 0 | |a Sufragio femenino |9 337530 | |
| 650 | 0 | |a Derechos de la mujer |9 257074 | |
| 650 | 0 | |a Representación política |9 362081 | |
| 650 | 0 | |a Derechos y priviliegios |9 338404 | |
| 650 | 0 | |a Mujeres |9 257649 | |
| 650 | 7 | |a IGUALDAD DE REPRESENTACION |2 CL-VaPUC |9 377939 | |
| 651 | 0 | |a Estados Unidos |9 255178 | |
| 583 | |a last modification |c 19970116 00:00:00 |k Rodrigo Vera | ||
| 999 | |c 255821 |d 255819 | ||
| 952 | |0 0 |1 0 |4 0 |6 324_623000000000000_FLE_1975 |7 0 |8 A |9 278255 |a BIBDER |b BIBDER |d 2019-11-19 |i 1806955 |o 324.623 FLE 1975 |p 1806955 |r 2023-01-25 |w 2019-11-19 |y BK |k DER | ||